[Event "Aragon-chT Preferente Gr I"]
[Site "Aragon"]
[Date "2023.03.11"]
[Round "7.36"]
[White "Moreno Burillo, Marcos Antonio"]
[Black "Jario Dominguez, Diego"]
[Result "1-0"]
[WhiteElo "1748"]
[BlackElo "1622"]
[PlyCount "101"]
[EventDate "2023.01.28"]
[EventType "team-tourn"]
[EventRounds "9"]
[EventCountry "ESP"]
[SourceTitle "EXT 2024"]
[Source "ChessBase"]
[SourceDate "2023.10.10"]
[SourceVersion "1"]
[SourceVersionDate "2023.10.10"]
[SourceQuality "1"]
[WhiteTeam "Iberajedrez Mundo 64 II"]
[BlackTeam "Marcos Frechin II"]
[WhiteTeamCountry "ESP"]
[BlackTeamCountry "ESP"]

1. d4 Nf6 2. c4 g6 3. Nc3 d5 4. Bg5 c6 5. e3 Bg7 6. Nf3 0-0 7. cxd5 cxd5 8. Bd3 Nc6 9. a3 b6 10. 0-0 Bb7 11. Rc1 Rc8 12. Re1 Qd7 13. Bb5 a6 14. Bd3 e6 15. Na4 Nxd4 16. Rxc8 Nxf3+ 17. Qxf3 Qxc8 18. Bxf6 d4 19. e4 Qc6 20. Bxg7 Kxg7 21. b3 b5 22. Nb2 Qc3 23. Qe2 Qxb3 24. a4 bxa4 25. Ra1 Rc8 26. Nxa4 a5 27. Qd1 Qxd1+ 28. Rxd1 Bc6 29. Rc1 Bd7 30. Rxc8 Bxc8 31. Bb5 Kf6 32. Kf1 Ke5 33. f3 Kf4 34. Ke2 f5 35. g3+ Ke5 36. Nb6 Bb7 37. Nc4+ Kf6 38. exf5 exf5 39. Nxa5 Bd5 40. Bc4 Ba8 41. Nb3 h6 42. Nxd4 g5 43. f4 gxf4 44. gxf4 Be4 45. Bd3 Bxd3+ 46. Kxd3 Kg6 47. Ke3 Kf6 48. Kf3 Kg6 49. Kg3 Kf6 50. Kh4 Kg6 51. Nf3 1-0